Vie privée des anciens / (Record no. 101886)
[ view plain ]
| 000 -LEADER | |
|---|---|
| campo de control de longitud fija | 01015nam a2200205 i 4500 |
| 001 - NÚMERO DE CONTROL | |
| campo de control | 101886 |
| 003 - IDENTIFICADOR DE NÚMERO DE CONTROL | |
| campo de control | ES-MaACL |
| 005 - FECHA Y HORA DE LA ÚLTIMA TRANSACCIÓN | |
| campo de control | 20230906183013.0 |
| 007 - CAMPO FIJO DE DESCRIPCIÓN FÍSICA--INFORMACIÓN GENERAL | |
| campo de control de longitud fija | t| |
| 008 - DATOS DE LONGITUD FIJA--INFORMACIÓN GENERAL | |
| campo de control de longitud fija | 051026s1913 fr ||||1| fre d |
| 100 1# - ENTRADA PRINCIPAL--NOMBRE DE PERSONA | |
| Nombre de persona | Ménard, René. |
| 9 (RLIN) | 80075 |
| 245 10 - MENCIÓN DEL TÍTULO | |
| Título | Vie privée des anciens / |
| Mención de responsabilidad, etc. | par René Ménard et Claude Sauvageot. |
| 250 ## - MENCION DE EDICION | |
| Mención de edición | Nouvelle édition |
| Resto de la mención de edición | publiée par Edouard Rouveyre. |
| 260 ## - PUBLICACIÓN, DISTRIBUCIÓN, ETC. | |
| Lugar de publicación, distribución, etc. | Lagny : |
| Nombre del editor, distribuidor, etc. | [s.n.], |
| Fecha de publicación, distribución, etc. | 1913 ( |
| Fabricante | E. Grevin) |
| 300 ## - DESCRIPCIÓN FÍSICA | |
| Extensión | 8 v. ; |
| Dimensiones | 20 cm. |
| 505 8# - NOTA DE CONTENIDO CON FORMATO | |
| Nota de contenido con formato | Contiene: Les peuples dans l'antiquité. V.I.-- L'Egypte et l'Asie V.II.-- La Grèce. L'Italie. La famille dans l'antiquité V.III.-- Constitution de la famille V.IV.-- Le vêtement. L'habitation. Le travail dans l'antiquité V.V.-- Agriculture. Industrie V.VI.-- Architecture. Beaux_Arts. Les institutions de l'antiquité V.VII.-- Education. Institutions civiles V.VIII.-- Guerre. Institutions religieuses |
| 700 1# - ENTRADA AGREGADA--NOMBRE PERSONAL | |
| Nombre de persona | Sauvageot, Claude. |
| 9 (RLIN) | 104031 |
| 700 1# - ENTRADA AGREGADA--NOMBRE PERSONAL | |
| Nombre de persona | Rouveyre, Edouard. |
| 9 (RLIN) | 100095 |
| 852 ## - LOCALIZACIÓN | |
| Ubicación | ES-MaACL |
| Número de control de estantería | F-1547-54 |
| Estatus retirado | Estado de pérdida | Estado de daño | No para préstamo | Biblioteca de origen | Biblioteca actual | Ubicación en estantería | Fecha de adquisición | Fuente de adquisición | Total de préstamos | Signatura topográfica completa | Código de barras | Visto por última vez | Precio de reemplazo | Tipo de ítem Koha |
|---|---|---|---|---|---|---|---|---|---|---|---|---|---|---|
| Biblioteca del Ateneo de Madrid | Biblioteca del Ateneo de Madrid | Depósito 2 | 17/01/2008 | F-1547-54 | 1106363 | 23/02/2023 | 23/02/2023 | Libro impreso |
